Fr. Conceicao Rodrigues College of Engineering

Practical Finite Element Analysis (Record no. 33962)

MARC details
000 -LEADER
fixed length control field 00369nam a2200157Ia 4500
082 ## - DEWEY DECIMAL CLASSIFICATION NUMBER
Classification number 620.0015/NIT
100 ## - MAIN ENTRY--PERSONAL NAME
Personal name Nitin S.Gokhale
245 ## - TITLE STATEMENT
Title Practical Finite Element Analysis
260 ## - PUBLICATION, DISTRIBUTION, ETC.
Name of publisher, distributor, etc. Finitie to infinite
Place of publication, distribution, etc. Mumbai
Date of publication, distribution, etc. 2008
300 ## - PHYSICAL DESCRIPTION
Extent 416
546 ## - LANGUAGE NOTE
Language note ENGLISH
650 ## - SUBJECT ADDED ENTRY--TOPICAL TERM
Topical term or geographic name entry element Finite Element Analysis
654 ## - SUBJECT ADDED ENTRY--FACETED TOPICAL TERMS
Focus term finite element
942 ## - ADDED ENTRY ELEMENTS (KOHA)
Koha item type BOOK
Holdings
Withdrawn status Lost status Damaged status Not for loan Collection Home library Current library Date acquired Source of acquisition Cost, normal purchase price Total Checkouts Full call number Barcode Date due Date last seen Date last checked out Cost, replacement price Price effective from Koha item type
        CRC Fr. Agnel's C.Rodrigues College of Engineering Fr. Agnel's C.Rodrigues- College of Engineering 17/03/2023 Parle Book Depot 585.00 1 620.0015/NIT 18746 12/12/2012 12/06/2023 12/06/2023 585.00   BOOK